000 00663nam a2200181Ia 4500
008 100920s9999 xx 000 0 und d
082 _b91822
_a51 थ 72
100 _aअनु. भावे अनंत./दळवी जे. पी.
245 _aएका पराभवाची काहाणी.
260 _bराजहंस प्रकाशन, पुणे.
_c1972
300 _a304
_bसाधी
365 _b15
520 _aचरित्र.
630 _aएका पराभवाची काहाणी.
650 _aचरित्र.
730 _aएका पराभवाची काहाणी.
942 _cBOOK
999 _c732288
_d732285